00323nam a2200085Ia 4500008004100000100005600041245009700097260003500194300000800229201231s9999 xx 000 0 und d aBose, Amitava, Rakshit, Mihir and Sinha, Anup (Ed.) 0aIssues in Economic Theory and Public Policy : Essays in Honour of Professor Tapas Majumadar aDelhibOxford University Press a322